000
00263nam a2200097Ia 4500
008
220204s9999 xx 000 0 und d
082
_a
354
_b
ALL
245
0
_a
All India Civil list, Oct 1955 and January 1959
260
_a
New Delhi
_b
Govt of India
_c
1955
942
_c
BK
999
_c
19811
_d
19811